Movies Quiz

Random Movies or Actor Quiz

Movies Speed-Picking Quiz Stats

 Plays Quiz Updated Apr 29, 2016

Challenge
Share
Tweet
Embed
Score 0/50 Timer 02:00
5 Plays Today
% Correct
The Da Vinci Code
83.9%
The Green Mile
83.6%
Cast Away
82.5%
Obi-Wan
81.2%
Apollo 13
80.2%
Ron
75.7%
Swank
75.1%
Streep
75%
Anakin
74.9%
Yoda
73.7%
Luke
73.6%
Winslet
73.6%
Buzz Lightyear
71.7%
Woody
70.1%
Ginny
68.9%
Fred
68.5%
Qui-Gon
65.9%
Beverly Hills Cop
65.7%
George
64.2%
Bo Peep
62.4%
Ghostbusters
61.8%
The Karate Kid
61.4%
Foster
59.3%
Gloop
58.3%
Bill
57.5%
% Correct
Rex
57%
Taylor
56.6%
The Terminator
55.5%
Big
55%
The Departed
54.9%
Goodfellas
53.8%
Footloose
53.7%
Beauregarde
53%
Bucket
51.9%
Raging Bull
51.7%
Elsa
49.2%
Teavee
48.6%
Salt
48.1%
Olaf
46.5%
Hamm
44.4%
Anna
44%
Casino
41.4%
Connery
40.8%
Brosnan
39%
Craig
38.8%
Hans
38.3%
Kristoff
36.1%
Dalton
35.1%
Lazenby
30.4%
Hugo
22.6%

You're not logged in!

Compare scores with friends on all Sporcle quizzes.
OR
Log In

You Might Also Like...

Show Comments

Extras

Top Quizzes Today


Score Distribution

Your Account Isn't Verified!

In order to create a playlist on Sporcle, you need to verify the email address you used during registration. Go to your Sporcle Settings to finish the process.

Report this User

Report this user for behavior that violates our Community Guidelines.

Details: